Packing and covering / (Record no. 7781)
[ view plain ]
| 000 -LEADER | |
|---|---|
| fixed length control field | 00857nam a2200265 a 4500 |
| 001 - CONTROL NUMBER | |
| control field | 7781 |
| 003 - CONTROL NUMBER IDENTIFIER | |
| rucl marc code | BD-RjUL |
| 005 - DATE AND TIME OF LATEST TRANSACTION | |
| control field | 20211208234454.0 |
| 008 - FIXED-LENGTH DATA ELEMENTS--GENERAL INFORMATION | |
| fixed length control field | 140115s1964 enk b 001 0 eng |
| 035 ## - SYSTEM CONTROL NUMBER | |
| System control number | (BD-RjUL)7825 |
| 040 ## - CATALOGING SOURCE | |
| Original cataloging agency | DLC/ICU |
| Transcribing agency | ICU |
| Modifying agency | DLC |
| -- | BD-RjUL |
| Language of cataloging | eng |
| 041 ## - LANGUAGE CODE | |
| Language code of text/sound track or separate title | eng |
| 082 00 - DEWEY DECIMAL CLASSIFICATION NUMBER | |
| Classification number | 514.224 |
| Author mark and year | ROP 1964 |
| 100 1# - MAIN ENTRY--PERSONAL NAME | |
| Personal name | Rogers, C. A. |
| Fuller form of name | (Claude Ambrose), |
| Dates associated with a name | 1920- |
| 9 (RLIN) | 24272 |
| 245 10 - TITLE STATEMENT | |
| Title | Packing and covering / |
| Statement of responsibility, etc. | C.A. Rogers. |
| 260 ## - PUBLICATION, DISTRIBUTION, ETC. (IMPRINT) | |
| Place of publication, distribution, etc. | Cambridge : |
| Name of publisher, distributor, etc. | University Press, |
| Date of publication, distribution, etc. | c1964. |
| 300 ## - PHYSICAL DESCRIPTION | |
| Pagination | viii, 111 p. ; |
| Size | 21 cm. |
| 490 1# - SERIES STATEMENT | |
| Series statement | Cambridge tracts in mathematics and mathematical physics, |
| Volume/sequential designation | no. 54 |
| 504 ## - BIBLIOGRAPHY, ETC. NOTE | |
| Bibliography, etc | Bibliography: p. 104-109. and index. |
| 650 #0 - SUBJECT ADDED ENTRY--TOPICAL TERM | |
| Topical term or geographic name as entry element | Generalized spaces. |
| 9 (RLIN) | 20332 |
| 830 #0 - SERIES ADDED ENTRY--UNIFORM TITLE | |
| Volume number/sequential designation | no. 54. |
| Uniform title | Cambridge tracts in mathematics and mathematical physics ; |
| 942 ## - ADDED ENTRY ELEMENTS (KOHA) | |
| Source of classification or shelving scheme | Dewey Decimal Classification |
| Koha item type | Books |
| Lost status | Source of classification or shelving scheme | Damaged status | Not for loan | Collection code | Permanent Location | Current Location | Shelving location | Date acquired | Source of acquisition | Cost, normal purchase price | Total Checkouts | Full call number | Date last seen | Copy number | Koha item type |
|---|---|---|---|---|---|---|---|---|---|---|---|---|---|---|---|
| Dewey Decimal Classification | Non-fiction | Central Library, University of Rajshahi | Central Library, University of Rajshahi | 02/12/1965 | Zeitlinger | 30.00 | 514.224 ROP 1964 | 15/01/2014 | C-2 | Books | |||||
| Dewey Decimal Classification | Non-fiction | Central Library, University of Rajshahi | Central Library, University of Rajshahi | 18/12/1970 | Mitali Proka. | 49.50 | 514.224 ROP 1964 | 01/11/2016 | C-3 | Books |